Spirit of Enterprise <The> 1993 Rolex Awards

Salvato in:
Dettagli Bibliografici
Natura: Libro
Lingua:inglese
Pubblicazione: Bern Buri Intern. 1993
Edizione:1. ed.
Soggetti:
Tags: Aggiungi Tag
Nessun Tag, puoi essere il primo ad aggiungerne!!

MARC

LEADER 00000nam a2200000 4500
001 c002770
005 20230120083721.7
020 |a 3-7169-2104-1 
041 0 |a eng 
044 |a CH 
245 1 0 |a Spirit of Enterprise  |b <The> 1993 Rolex Awards 
250 |a 1. ed. 
264 1 |a Bern  |b Buri Intern.  |c 1993 
300 |a 489 s. 
610 2 0 |a Rolex 
610 2 0 |a veda 
610 2 0 |a výskum 
610 2 0 |a projekty 
610 2 0 |a objavy 
610 2 0 |a inovácia